Manuhar prithibir sandhanat/ (Record no. 12178)

MARC details
000 -LEADER
fixed length control field 00566nam a22001937a 4500
005 - DATE AND TIME OF LATEST TRANSACTION
control field 20250325100313.0
008 - FIXED-LENGTH DATA ELEMENTS--GENERAL INFORMATION
fixed length control field 250325b |||||||| |||| 00| 0 eng d
040 ## - CATALOGING SOURCE
Original cataloging agency IN-DiNC
Transcribing agency IN-DiNC
041 ## - LANGUAGE CODE
Language code of sung or spoken text Assamese
082 ## - DEWEY DECIMAL CLASSIFICATION NUMBER
Classification number 891.451
Item number MAH
100 ## - MAIN ENTRY--PERSONAL NAME
Personal name Mahanta, Upendrajit
Relator term Author
245 ## - TITLE STATEMENT
Title Manuhar prithibir sandhanat/
Statement of responsibility, etc. by Upendrajit Mahanta
250 ## - EDITION STATEMENT
Edition statement 1st ed.
260 ## - PUBLICATION, DISTRIBUTION, ETC.
Place of publication, distribution, etc. Naharkatia:
Name of publisher, distributor, etc. Publication cell Naharkatiya College,
Date of publication, distribution, etc. 2023.
300 ## - PHYSICAL DESCRIPTION
Extent 80p.
440 ## - SERIES STATEMENT/ADDED ENTRY--TITLE
Title Ramprasad Chaliha memorial lecture
650 ## - SUBJECT ADDED ENTRY--TOPICAL TERM
Topical term or geographic name entry element General Assamese writing
942 ## - ADDED ENTRY ELEMENTS (KOHA)
Source of classification or shelving scheme Dewey Decimal Classification
Koha item type Books
Holdings
Withdrawn status Lost status Source of classification or shelving scheme Damaged status Not for loan Collection code Home library Current library Shelving location Date acquired Total Checkouts Full call number Barcode Date last seen Copy number Price effective from Koha item type
    Dewey Decimal Classification     Assamese Central Library, Naharkatiya College Central Library, Naharkatiya College General Stacks 25/03/2025   891.451 MAH 30429 25/03/2025 1 25/03/2025 Books

Naharkatiya College © 2020. All rights reserved.

Powered By